Liechtenstein magánjogi törvénykönyve
Elmentve itt :
| Szerző: | |
|---|---|
| Dokumentumtípus: | Cikk |
| Megjelent: |
1927
|
| Sorozat: | Polgári jog : a hazai és külföldi magánjog és hiteljog szemléje
3 |
| Kulcsszavak: | Magánjog osztrák |
| Online Access: | http://misc.bibl.u-szeged.hu/4444 |
| LEADER | 00610nab a2200169 i 4500 | ||
|---|---|---|---|
| 001 | misc4444 | ||
| 005 | 20191106143001.0 | ||
| 008 | 170607s1927 hu o 0|| hun d | ||
| 040 | |a SZTE Miscellanea Repozitórium |b hun | ||
| 041 | |a hun | ||
| 100 | 1 | |a Meszlény Artur | |
| 245 | 1 | 0 | |a Liechtenstein magánjogi törvénykönyve |h [elektronikus dokumentum] / |c Meszlény Artur |
| 260 | |c 1927 | ||
| 300 | |a 5-10a | ||
| 490 | 0 | |a Polgári jog : a hazai és külföldi magánjog és hiteljog szemléje |v 3 | |
| 695 | |a Magánjog osztrák | ||
| 856 | 4 | 0 | |u http://misc.bibl.u-szeged.hu/4444/1/polgari_jog_1927_005-010a.pdf |z Dokumentum-elérés |